| 000 | 01194nam a2200265L 4500 | ||
|---|---|---|---|
| 001 | cooksguidetogrow00owen | ||
| 003 | CaSfIA | ||
| 005 | 20210117235755.0 | ||
| 007 | cr|||| | ||
| 008 | 091209s1978 uik 000 u eng d | ||
| 040 |
_aDKDLA _bdan _cDKDLA _dCaSfIA |
||
| 035 | _a(OCoLC)476117729 | ||
| 084 |
_aHa _2z |
||
| 245 | 0 | 2 |
_aA cook's guide to growing herbs, greens, and aromatics / _h[electronic resource] _cby Millie Owen; ill. by Karl Stueck len. |
| 260 |
_aNew York : _bKnopf, _c1978. |
||
| 300 |
_axiv, 263 s. : _bill.; 21 cm. |
||
| 700 | 1 | _aOwen, Millie. | |
| 700 | 1 | _aStueck, Karl. | |
| 029 | 0 |
_aDKDLA _b36603505 |
|
| 856 | 4 | 1 |
_uhttp://www.archive.org/details/cooksguidetogrow00owen _zFree eBook from the Internet Archive |
| 856 | 4 | 2 |
_uhttp://www.openlibrary.org/books/OL24370521M _zAdditional information and access via Open Library |
| 942 | _cEB | ||
| 506 | _fНеобхідна авторизація на https://archive.org/ (створення облікового запису безкоштовно) | ||
| 506 | _fНеобхідна авторизація на https://openlibrary.org/ (створення облікового запису безкоштовно) | ||
| 999 |
_c484303 _d484303 |
||